¿Y para qué ingresamos al Sistema Nacional de Bachillerato? (Record no. 176276)
[ view plain ]
| 000 -CABECERA | |
|---|---|
| campo de control de longitud fija | 02087nab a2200361 a 4500 |
| 005 - FECHA Y HORA DE LA ÚLTIMA TRANSACCIÓN | |
| campo de control | 20210219162438.0 |
| 008 - ELEMENTOS DE LONGITUD FIJA--INFORMACIÓN GENERAL | |
| campo de control de longitud fija | 991125s1985 mx 000 0 spa u |
| 035 ## - NÚMERO DE CONTROL DEL SISTEMA | |
| Número de control de sistema | UPN01000204175 |
| 049 ## - COLECCIÓN | |
| Colección | ART-E |
| 100 1# - ASIENTO PRINCIPAL--NOMBRE PERSONAL | |
| Nombre de persona | Ibarra Uribe, Luz Marina |
| 100 1# - ASIENTO PRINCIPAL--NOMBRE PERSONAL | |
| Filiación | marinaibarra@hotmail.com |
| 100 1# - ASIENTO PRINCIPAL--NOMBRE PERSONAL | |
| Nombre de persona | Fonseca Bautista, César Darío |
| 100 1# - ASIENTO PRINCIPAL--NOMBRE PERSONAL | |
| Filiación | cdfonseca19@yahoo.com.mx |
| 100 1# - ASIENTO PRINCIPAL--NOMBRE PERSONAL | |
| Nombre de persona | Pérez Ramírez, Jorge Ariel |
| 100 1# - ASIENTO PRINCIPAL--NOMBRE PERSONAL | |
| Filiación | joarp75@gmail.com |
| 222 #0 - TÍTULO CLAVE | |
| Título clave | EDUC@RNOS |
| 245 00 - MENCIÓN DE TÍTULO | |
| Título | ¿Y para qué ingresamos al Sistema Nacional de Bachillerato? |
| 260 ## - PUBLICACIÓN, DISTRIBUCIÓN, ETC. | |
| Lugar de publicación, distribución, etc. | México |
| 300 ## - DESCRIPCIÓN FÍSICA | |
| Extensión | 119-141 |
| 362 0# - FECHAS DE PUBLICACIÓN Y/O DESIGNACIÓN SECUENCIAL | |
| Fecha de publicación y/o designación secuencial | 2014 Año 4, nos. 14-15, jul.-dic. |
| 336 ## - TIPO DE CONTENIDO | |
| Término de tipo de contenido | texto$2rdacontent |
| 337 ## - TIPO DE MEDIO | |
| Nombre/término del tipo de medio | computadora$2rdamedia |
| 338 ## - TIPO DE SOPORTE | |
| Nombre/término del tipo de soporte | recurso en linea$2rdacarrier |
| 520 3# - NOTA DE RESUMEN, ETC. | |
| Sumario, etc. | En 2008, la Secretaría de Educación Pública de México puso en marcha la Reforma Integral de la Educación Media Superior como respuesta a los problemas y rezagos que presentaba dicho tipo educativo, esta reforma planteó como objetivo general la creación de un Sistema Nacional de Bachillerato (SNB), propó- sito que a la fecha muestra un avance limitado. Los objetivos de este artículo son mostrar el avance de incorporación de planteles registrados al Sistema Nacional de Bachillerato al mes de diciembre de 2013, reflexionar acerca de la situación actual del SNB a dos años de haberse iniciado la evaluación para el ingreso de los planteles, así como resaltar la falta de información y en algunos casos la desinformación existente que prevalece sobre lo que representa ingresar a dicho sistema. Para lograrlos realizamos una revisión bibliográfica y hemerográfica, así como la recuperación de algunos materiales de una investigación realizada en 2013. |
| 653 0# - TERMINO DE INDIZACION - NO CONTROLADO | |
| Término no controlado | EDUCACION MEDIA SUPERIOR |
| 653 0# - TERMINO DE INDIZACION - NO CONTROLADO | |
| Término no controlado | REFORMA EDUCATIVA |
| 653 0# - TERMINO DE INDIZACION - NO CONTROLADO | |
| Término no controlado | EVALUACION EDUCATIVA |
| 653 0# - TERMINO DE INDIZACION - NO CONTROLADO | |
| Término no controlado | ACREDITACION |
| 653 0# - TERMINO DE INDIZACION - NO CONTROLADO | |
| Término no controlado | SISTEMA NACIONAL DE BACHILLERATO |
| 856 4# - LOCALIZACIÓN Y ACCESO ELECTRÓNICOS | |
| Identificador Uniforme del Recurso | <a href="http://revistaeducarnos.com/wp-content/uploads/2014/12/Educar14-15.pdf">http://revistaeducarnos.com/wp-content/uploads/2014/12/Educar14-15.pdf</a> |
| 905 ## - TIPO DE MATERIAL | |
| Tipo de material | Articulo |
No items available.
